Вып. 41; Резание и инструмент

Opis bibliograficzny
Parent link:Резание и инструмент: республиканский межведомственный научно-технический сборник/ Харьковский политехнический институт (ХПИ). Вып. 41.— , 1966-.— 0370-808X
Kolejni autorzy: Родин П. Р. Петр Родионович (редактор)
Język:rosyjski
Wydane: 1989
Hasła przedmiotowe:
Format: Książka
KOHA link:https://koha.lib.tpu.ru/cgi-bin/koha/opac-detail.pl?biblionumber=246756

MARC

LEADER 00000nam2a2200000 4500
001 246756
005 20231101232233.0
020 |a RU  |b 90-12098ж 
035 |a (RuTPU)RU\TPU\book\268209 
035 |a RU\TPU\book\177001 
035 |a RU\TPU\book\124987 
090 |a 246756 
100 |a 20131209d1989 k y0rusy5003 ca 
101 0 |a rus 
102 |a UA 
105 |a a z 001zy 
200 0 |a Вып. 41  |f отв. ред. П. Р. Родин 
210 |d 1989 
215 |a 127 с.  |c ил. 
461 1 |0 (RuTPU)RU\TPU\book\29055  |x 0370-808X  |t Резание и инструмент  |o республиканский межведомственный научно-технический сборник  |f Харьковский политехнический институт (ХПИ)  |v Вып. 41  |d 1966-  
606 1 |a Резание металлов  |2 stltpush  |3 (RuTPU)RU\TPU\subj\24518 
606 1 |a Режущие инструменты  |2 stltpush  |3 (RuTPU)RU\TPU\subj\72754  |9 86158 
610 1 |a резание 
610 1 |a металлы 
610 1 |a теория 
610 1 |a практика 
610 1 |a проектирование 
610 1 |a автоматизированное проектирование 
610 1 |a фрезерование 
610 1 |a сверление 
610 1 |a зубонарезание 
675 |a 621.9  |z rus 
675 |a 621.9.02  |z rus 
702 1 |a Родин  |b П. Р.  |g Петр Родионович  |4 340 
801 0 |a RU  |b 63413507  |c 19950417  |g psbo 
801 1 |a RU  |b 63413507  |c 20090514  |g PSBO 
801 2 |a RU  |b 63413507  |c 20140321  |g PSBO 
942 |c BK